| 000 | 02213nam0a2200397 4500 | ||
|---|---|---|---|
| 001 | RU\NLR\BIBL_A\012218024 | ||
| 005 | 20200326151823.0 | ||
| 010 |
_a978-5-907284-00-5 _9500 |
||
| 021 |
_aRU _bКН-П-19-102076 _9КН-П-19-7510 |
||
| 035 | _a(NLR Aleph) 012218024 | ||
| 035 | _a(RuMoRGB)010215585 | ||
| 090 |
_a10917682 _c10917682 |
||
| 100 | _a20200213d2019 k y0rusy50 ca | ||
| 101 | 0 | _arus | |
| 102 | _aRU | ||
| 105 | _aa|||zzzz000zy | ||
| 181 | 0 |
_ai _baxxe |
|
| 182 | 0 | _an | |
| 200 | 1 |
_aКоррекция детского аутизма средствами арт-педагогики _eмонография _fИ. Г. Галянт _gМинистерство науки и высшего образования Российской Федерации, Федеральное государственное бюджетное образовательное учреждение высшего образования Южно-Уральский государственный гуманитарно-педагогический университет, Южно-Уральский научный центр Российской академии образования |
|
| 203 |
_aТекст _bвизуальный _cнепосредственный |
||
| 210 |
_aЧелябинск _cЮжно-Уральский научный центр РАО _d2019 |
||
| 215 |
_a301 с. _cтабл. _d20 |
||
| 300 | _aНа 4-й с. обл. авт.: Галянт И. Г., к.п.н., доц. | ||
| 320 | _aБиблиогр. в подстроч. примеч. | ||
| 606 | 1 |
_aДети с аутизмом _xКоррекционно-развивающее обучение _xАрт-терапии метод _92441112 _3RU\NLR\AUTH\6601670057 |
|
| 606 | 1 |
_aАутизм детей _xАрт-терапия _92441946 _3RU\NLR\AUTH\6601670466 |
|
| 610 | 0 | _aарт-терапия аутизма у детей | |
| 610 | 0 | _aдети-аутисты | |
| 686 | 1 | _aЧ439.135.5 | |
| 686 | 1 | _aР733.64-325 | |
| 700 | 1 |
_aГалянт _bИ. Г. _gИрина Геннадьевна |
|
| 942 | _cBOOK | ||
| 980 | _aNBR | ||
| 980 | _aNB | ||